000 00564cam a2200169 i 4500
001 82475
005 20230410123517.0
008 100303b2006 dr a 000 0 spa
041 0 _aspa
050 1 4 _aKGQ 2981
_bR426l 2006
110 1 _aRepública Dominicana. Secretaría de Estado de Interior y Policía.
245 1 0 _aLey general de migración No. 258-4. /
_cSecretaría de Estado de Interior y Policía.
260 _aSanto Domingo, Rep. Dom. :
_bSecretaría de Estado de Interior y Policía ,
_c2006
300 _a67 p.
942 _2lcc
_cbk
946 _accruz
999 _c62894
_d62894